[Event "2MCR_3DE_2LB_2S"]
[Site "?"]
[Date "2007.??.??"]
[Round "?"]
[White "Pensimus, Petr"]
[Black "Jednicky, Vaclav"]
[Result "0-1"]
[WhiteElo "1848"]
[BlackElo "1600"]
[PlyCount "62"]
[EventDate "2007.??.??"]
[EventType "corr"]
[EventRounds "2"]
[SourceDate "2007.01.28"]

1. e4 e5 2. Nf3 Nc6 3. Bc4 Bc5 4. d3 Nf6 5. O-O d6 6. c3 a6 7. Bb3 O-O 8. h3
Ba7 9. Re1 h6 10. Nbd2 Be6 11. Nc4 Qd7 12. a4 b5 13. Ne3 b4 14. Nd5 Bxd5 15.
exd5 Ne7 16. c4 c6 17. d4 exd4 18. Nxd4 cxd5 19. cxd5 Rae8 20. Nc2 Nf5 21. Bd2
Ne4 22. Rxe4 Rxe4 23. Qf3 Rfe8 24. Rf1 a5 25. Qd3 Qe7 26. Bc4 Qh4 27. Bb5 R8e5
28. Qf3 Ng3 29. Re1 Rf5 30. Rxe4 Qxe4 31. Qxg3 Bxf2+ 0-1

[Event "2MCR_3DE_2LB_3S"]
[Site "?"]
[Date "2007.??.??"]
[Round "?"]
[White "Hrdy, Tomas"]
[Black "Tucek, Richard"]
[Result "1-0"]
[WhiteElo "1600"]
[BlackElo "1688"]
[PlyCount "53"]
[EventDate "2007.??.??"]
[EventType "corr"]
[EventRounds "2"]
[SourceDate "2007.01.28"]

1. e4 d6 2. d4 Nf6 3. Nc3 e6 4. Nf3 Be7 5. Bd3 O-O 6. O-O c5 7. dxc5 dxc5 8.
Qe2 Nc6 9. e5 Nd5 10. Bd2 Nxc3 11. Bxc3 f6 12. exf6 Bxf6 13. Rad1 Nd4 14. Nxd4
cxd4 15. Qe4 g6 16. Bc4 Qb6 17. Bxd4 Bxd4 18. Qxd4 Qxd4 19. Rxd4 Kg7 20. Re1 e5
21. Rxe5 Bf5 22. Re7+ Kh8 23. Rxb7 Rad8 24. c3 Rxd4 25. cxd4 Rd8 26. d5 Re8 27.
Kf1 1-0

[Event "2MCR_3DE_2LB_2S"]
[Site "?"]
[Date "2007.??.??"]
[Round "?"]
[White "Jednicky, Vaclav"]
[Black "Fiantok, Lukas"]
[Result "1-0"]
[WhiteElo "1600"]
[BlackElo "1704"]
[PlyCount "33"]
[EventDate "2007.??.??"]
[EventType "corr"]
[EventRounds "2"]
[SourceDate "2007.01.28"]

1. e4 e6 2. d4 d5 3. Nd2 dxe4 4. Nxe4 Be7 5. Nf3 Nf6 6. Nxf6+ Bxf6 7. c3 Nc6 8.
Bd3 O-O 9. O-O Qd6 10. Re1 e5 11. dxe5 Bxe5 12. Nxe5 Nxe5 13. Bxh7+ Kxh7 14.
Qh5+ Kg8 15. Qxe5 Qd7 16. Bf4 Qg4 17. Qxc7 1-0

[Event "2MCR_3DE_2LB_2S"]
[Site "?"]
[Date "2007.??.??"]
[Round "?"]
[White "Fiantok, Lukas"]
[Black "Jednicky, Vaclav"]
[Result "0-1"]
[WhiteElo "1704"]
[BlackElo "1600"]
[PlyCount "26"]
[EventDate "2007.??.??"]
[EventType "corr"]
[EventRounds "2"]
[SourceDate "2007.01.28"]

1. e4 e5 2. f4 exf4 3. Bc4 Nc6 4. Nf3 g5 5. O-O Nh6 6. Nc3 Bg7 7. d4 O-O 8. Nd5
Kh8 9. Qd3 d6 10. Re1 g4 11. Bxf4 gxf3 12. Bxh6 Bxh6 13. Qxf3 Nxd4 0-1

[Event "2MCR_3DE_2LB_3S"]
[Site "?"]
[Date "2007.??.??"]
[Round "?"]
[White "Dojcinovic, Miroslav"]
[Black "Portych, Vaclav"]
[Result "0-1"]
[WhiteElo "1605"]
[BlackElo "2147"]
[PlyCount "68"]
[EventDate "2007.??.??"]
[EventType "corr"]
[EventRounds "2"]
[SourceDate "2007.01.28"]

1. d4 Nf6 2. c4 e6 3. Nf3 b6 4. Nc3 Bb7 5. Bf4 Bb4 6. Qb3 c5 7. e3 O-O 8. Be2
Ne4 9. O-O Bxc3 10. bxc3 d6 11. Bd3 Qe7 12. a4 Nd7 13. a5 e5 14. a6 Bc6 15. d5
Bxd5 16. cxd5 exf4 17. exf4 Nef6 18. Rae1 Qd8 19. Re3 Re8 20. Rfe1 Nf8 21. Ng5
Rxe3 22. Rxe3 b5 23. Ne4 c4 24. Nxf6+ Qxf6 25. Qxc4 bxc4 26. Bxc4 Rc8 27. Ba2
Rxc3 28. Re1 Qxf4 29. h3 Rc2 30. Rf1 Rxa2 31. g3 Qf3 32. g4 Ng6 33. h4 Nxh4 34.
g5 Qg2# 0-1

[Event "2MCR_3DE_2LB_2S"]
[Site "?"]
[Date "2007.??.??"]
[Round "?"]
[White "Pensimus, Petr"]
[Black "Fiantok, Lukas"]
[Result "1-0"]
[WhiteElo "1848"]
[BlackElo "1704"]
[PlyCount "21"]
[EventDate "2007.??.??"]
[EventType "corr"]
[EventRounds "2"]
[SourceDate "2007.01.28"]

1. Nf3 d5 2. g3 Nf6 3. Bg2 Nc6 4. d4 g6 5. Ne5 Bg7 6. c4 Nxe5 7. dxe5 O-O 8.
O-O Rb8 9. Nc3 Bg4 10. f4 Nd7 11. h3 1-0

[Event "2MCR_3DE_2LB_2S"]
[Site "?"]
[Date "2007.??.??"]
[Round "?"]
[White "Fiantok, Lukas"]
[Black "Pensimus, Petr"]
[Result "0-1"]
[WhiteElo "1704"]
[BlackElo "1848"]
[PlyCount "24"]
[EventDate "2007.??.??"]
[EventType "corr"]
[EventRounds "2"]
[SourceDate "2007.01.28"]

1. e4 e5 2. Nf3 Nf6 3. Bc4 Nc6 4. d3 Be7 5. Nc3 O-O 6. Bg5 h6 7. Bxf6 Bxf6 8.
O-O d6 9. h3 Nd4 10. Nxd4 exd4 11. Nd5 Bg5 12. f4 Bh4 0-1

[Event "2MCR_3DE_2LB_2S"]
[Site "?"]
[Date "2007.??.??"]
[Round "?"]
[White "Kratochvil, Jan"]
[Black "Fiantok, Lukas"]
[Result "1-0"]
[WhiteElo "1815"]
[BlackElo "1704"]
[PlyCount "31"]
[EventDate "2007.??.??"]
[EventType "corr"]
[EventRounds "2"]
[SourceDate "2007.01.28"]

1. d4 d5 2. c4 e6 3. Nc3 Nf6 4. Nf3 Be7 5. Bf4 Bd7 6. cxd5 exd5 7. e3 O-O 8.
Bd3 Nc6 9. a3 a6 10. Qc2 g6 11. O-O Bg4 12. Ne5 Nxe5 13. dxe5 Nh5 14. Bh6 Re8
15. Qb3 Rb8 16. Nxd5 1-0

[Event "2MCR_3DE_2LB_2S"]
[Site "?"]
[Date "2007.??.??"]
[Round "?"]
[White "Fiantok, Lukas"]
[Black "Kratochvil, Jan"]
[Result "0-1"]
[WhiteElo "1704"]
[BlackElo "1815"]
[PlyCount "24"]
[EventDate "2007.??.??"]
[EventType "corr"]
[EventRounds "2"]
[SourceDate "2007.01.28"]

1. e4 c6 2. d4 d5 3. exd5 cxd5 4. Nc3 Nf6 5. Nf3 Nc6 6. Bg5 Bg4 7. Bd3 e6 8. h3
Bxf3 9. Qxf3 Nxd4 10. Qf4 Bc5 11. b4 Bb6 12. O-O h6 0-1

[Event "2MCR_3DE_2LB_2S"]
[Site "?"]
[Date "2007.??.??"]
[Round "?"]
[White "Cerveny, Libor"]
[Black "Fiantok, Lukas"]
[Result "1-0"]
[WhiteElo "2005"]
[BlackElo "1704"]
[PlyCount "35"]
[EventDate "2007.??.??"]
[EventType "corr"]
[EventRounds "2"]
[SourceDate "2007.01.28"]

1. e4 c5 2. Nf3 d6 3. d4 cxd4 4. Nxd4 Nf6 5. Nc3 g6 6. Be3 Bg7 7. Be2 Nc6 8.
O-O O-O 9. f3 Nxd4 10. Bxd4 e5 11. Be3 Be6 12. a4 d5 13. exd5 Bxd5 14. Qe1 Re8
15. Rd1 Re6 16. Ne4 Rc8 17. c4 Nxe4 18. fxe4 1-0

[Event "2MCR_3DE_2LB_2S"]
[Site "?"]
[Date "2007.??.??"]
[Round "?"]
[White "Fiantok, Lukas"]
[Black "Cerveny, Libor"]
[Result "0-1"]
[WhiteElo "1704"]
[BlackElo "2005"]
[PlyCount "36"]
[EventDate "2007.??.??"]
[EventType "corr"]
[EventRounds "2"]
[SourceDate "2007.01.28"]

1. d4 Nf6 2. Nf3 g6 3. g3 Bg7 4. Bg2 O-O 5. Nc3 d5 6. Bg5 c6 7. Qd2 Ne4 8. Nxe4
dxe4 9. Nh4 f6 10. Bh6 Bxh6 11. Qxh6 Qa5+ 12. c3 Qg5 13. Qxg5 fxg5 14. Nxg6
hxg6 15. Bxe4 Bf5 16. Bb1 Nd7 17. e4 Bg4 18. h3 Bf3 0-1

[Event "2MCR_3DE_2LB_2S"]
[Site "?"]
[Date "2007.??.??"]
[Round "?"]
[White "Paukert, Martin"]
[Black "Fiantok, Lukas"]
[Result "1-0"]
[WhiteElo "2111"]
[BlackElo "1704"]
[PlyCount "25"]
[EventDate "2007.??.??"]
[EventType "corr"]
[EventRounds "2"]
[SourceDate "2007.01.28"]

1. f4 d5 2. Nf3 g6 3. g3 Nf6 4. b3 Bg7 5. Bb2 Nc6 6. Bg2 Bg4 7. O-O Bxf3 8.
Bxf3 O-O 9. e3 Re8 10. d4 Qd7 11. c4 e6 12. Nc3 dxc4 13. bxc4 1-0

[Event "2MCR_3DE_2LB_2S"]
[Site "?"]
[Date "2007.??.??"]
[Round "?"]
[White "Fiantok, Lukas"]
[Black "Paukert, Martin"]
[Result "0-1"]
[WhiteElo "1704"]
[BlackElo "2111"]
[PlyCount "26"]
[EventDate "2007.??.??"]
[EventType "corr"]
[EventRounds "2"]
[SourceDate "2007.01.28"]

1. d4 d5 2. c4 dxc4 3. Nf3 Nf6 4. e3 e6 5. Bxc4 c5 6. O-O a6 7. a4 Nc6 8. Nc3
Qc7 9. d5 exd5 10. Nxd5 Nxd5 11. Bxd5 Nb4 12. Ng5 Nxd5 13. Qxd5 h6 0-1

[Event "2MCR_3DE_2LB_2S"]
[Site "?"]
[Date "2007.??.??"]
[Round "?"]
[White "Martinovsky, Vaclav"]
[Black "Fiantok, Lukas"]
[Result "1-0"]
[WhiteElo "2200"]
[BlackElo "1704"]
[PlyCount "29"]
[EventDate "2007.??.??"]
[EventType "corr"]
[EventRounds "2"]
[SourceDate "2007.01.28"]

1. e4 e5 2. Nf3 Nc6 3. Bc4 Nf6 4. Ng5 d5 5. exd5 Na5 6. Bb5+ c6 7. dxc6 bxc6 8.
Be2 Bc5 9. Nc3 Qd4 10. O-O O-O 11. d3 Bf5 12. Bf3 Qd7 13. Qe1 Rfe8 14. Nce4
Nxe4 15. dxe4 1-0

[Event "2MCR_3DE_2LB_2S"]
[Site "?"]
[Date "2007.??.??"]
[Round "?"]
[White "Fiantok, Lukas"]
[Black "Martinovsky, Vaclav"]
[Result "0-1"]
[WhiteElo "1704"]
[BlackElo "2200"]
[PlyCount "28"]
[EventDate "2007.??.??"]
[EventType "corr"]
[EventRounds "2"]
[SourceDate "2007.01.28"]

1. d4 Nf6 2. c4 b6 3. Nc3 Bb7 4. Bf4 e6 5. e3 Be7 6. Nf3 Nh5 7. Bd3 Nxf4 8.
exf4 O-O 9. O-O f5 10. Re1 Bf6 11. a4 Na6 12. Ne5 d6 13. Nf3 Re8 14. d5 Bxc3
0-1

[Event "2MCR_3DE_2LB_2S"]
[Site "?"]
[Date "2007.??.??"]
[Round "?"]
[White "Vrkota, Milos"]
[Black "Fiantok, Lukas"]
[Result "1-0"]
[WhiteElo "2000"]
[BlackElo "1704"]
[PlyCount "29"]
[EventDate "2007.??.??"]
[EventType "corr"]
[EventRounds "2"]
[SourceDate "2007.01.28"]

1. e4 c6 2. d4 d5 3. exd5 cxd5 4. c4 Nf6 5. Nc3 Nc6 6. Nf3 Bf5 7. Qb3 Na5 8.
Qb5+ Bd7 9. cxd5 Bxb5 10. Bxb5+ Nd7 11. Ne5 Qc7 12. Bxd7+ Kd8 13. Bf4 Qb6 14.
Bb5 Qf6 15. Bg5 1-0

[Event "2MCR_3DE_2LB_2S"]
[Site "?"]
[Date "2007.??.??"]
[Round "?"]
[White "Fiantok, Lukas"]
[Black "Vrkota, Milos"]
[Result "0-1"]
[WhiteElo "1704"]
[BlackElo "2000"]
[PlyCount "28"]
[EventDate "2007.??.??"]
[EventType "corr"]
[EventRounds "2"]
[SourceDate "2007.01.28"]

1. e4 c5 2. Nf3 d6 3. d4 cxd4 4. Nxd4 Nf6 5. Nc3 g6 6. Be3 Bg7 7. Bd3 O-O 8.
O-O Ng4 9. h3 Nxe3 10. fxe3 Nc6 11. Nxc6 bxc6 12. Qe1 Rb8 13. Rb1 Be6 14. b3
Qb6 0-1

[Event "2MCR_3DE_2LB_2S"]
[Site "?"]
[Date "2007.??.??"]
[Round "?"]
[White "Pensimus, Petr"]
[Black "Vrkota, Milos"]
[Result "0-1"]
[WhiteElo "1848"]
[BlackElo "2000"]
[PlyCount "76"]
[EventDate "2007.??.??"]
[EventType "corr"]
[EventRounds "2"]
[SourceDate "2007.01.28"]

1. e4 c5 2. c3 d5 3. e5 Nc6 4. d4 cxd4 5. cxd4 Qb6 6. Nc3 Qxd4 7. Qxd4 Nxd4 8.
Nxd5 Nc2+ 9. Kd2 Nxa1 10. Nc7+ Kd8 11. Nxa8 b6 12. b3 e6 13. Bb2 Bb4+ 14. Kd1
Nxb3 15. axb3 Bb7 16. Nxb6 axb6 17. Nf3 Ne7 18. Ng5 Kc7 19. Kc1 Rf8 20. f3 Nf5
21. Nxh7 Rd8 22. Bb5 Rd5 23. Bc4 Rd2 24. Ng5 Rxg2 25. Nxf7 Bxf3 26. Nd6 Nxd6
27. exd6+ Kxd6 28. Rf1 Bd2+ 29. Kb1 Be4+ 30. Ka1 g5 31. h3 Bf5 32. Rh1 Kc5 33.
Ba3+ Bb4 34. Bxb4+ Kxb4 35. Re1 Ka3 36. b4 Rg3 37. b5 Rxh3 38. Ba2 g4 0-1

[Event "2MCR_3DE_2LB_2S"]
[Site "?"]
[Date "2007.??.??"]
[Round "?"]
[White "Pensimus, Petr"]
[Black "Cerveny, Libor"]
[Result "0-1"]
[WhiteElo "1848"]
[BlackElo "2005"]
[PlyCount "80"]
[EventDate "2007.??.??"]
[EventType "corr"]
[EventRounds "2"]
[SourceDate "2007.01.28"]

1. e4 c6 2. d4 d5 3. exd5 cxd5 4. c4 Nf6 5. Nc3 e6 6. Nf3 Bb4 7. c5 O-O 8. Qb3
Qa5 9. Bd2 b6 10. cxb6 Qxb6 11. Bd3 Ba6 12. Bxa6 Nxa6 13. O-O Rfc8 14. Rac1
Bxc3 15. Qxb6 axb6 16. Bxc3 Ne4 17. h3 f6 18. Rfd1 Nxc3 19. Rxc3 Rxc3 20. bxc3
Nc7 21. Rb1 b5 22. Rb2 Ra3 23. Rc2 Kf7 24. Kf1 Ne8 25. Nd2 Nd6 26. Ke2 h5 27.
g4 hxg4 28. hxg4 e5 29. f3 Ra8 30. Ke3 g5 31. Nb3 Rh8 32. dxe5 fxe5 33. Kd3 Rh3
34. Rf2 Ne4 35. Rf1 Ke6 36. Kc2 Rh2+ 37. Kd3 Nf2+ 38. Ke3 Nh3 39. Nd2 Nf4 40.
Re1 b4 0-1

[Event "2MCR_3DE_2LB_1S"]
[Site "?"]
[Date "2007.??.??"]
[Round "?"]
[White "Motejzik, Jaroslav"]
[Black "Kaas, Jaroslav"]
[Result "0-1"]
[WhiteElo "2068"]
[BlackElo "1800"]
[PlyCount "68"]
[EventDate "2007.??.??"]
[EventType "corr"]
[EventRounds "2"]
[SourceDate "2007.01.28"]

1. d4 Nf6 2. c4 e6 3. Nc3 Bb4 4. e3 O-O 5. Bd3 c5 6. Nf3 d5 7. O-O dxc4 8. Bxc4
Nbd7 9. Qe2 b6 10. d5 Bxc3 11. dxe6 Ne5 12. exf7+ Kh8 13. bxc3 Bg4 14. e4 Qe7
15. Re1 b5 16. Bxb5 Nh5 17. Bg5 Qe6 18. Qe3 Bxf3 19. gxf3 Qxf7 20. Be2 h6 21.
Bh4 Nf4 22. Bg3 Nxe2+ 23. Rxe2 Nxf3+ 24. Kg2 Rad8 25. e5 Ng5 26. h4 Qd5+ 27.
Kh2 Nf3+ 28. Kh3 Nxh4 29. f4 Nf5 30. Qe4 Qf7 31. Bh2 Qh5+ 32. Kg2 Rg8 33. e6 g5
34. Qe5+ Rg7 0-1

[Event "2MCR_3DE_2LB_3S"]
[Site "?"]
[Date "2007.??.??"]
[Round "?"]
[White "Martinec, Jan"]
[Black "Dojcinovic, Miroslav"]
[Result "0-1"]
[WhiteElo "2000"]
[BlackElo "1605"]
[PlyCount "46"]
[EventDate "2007.??.??"]
[EventType "corr"]
[EventRounds "2"]
[SourceDate "2007.01.28"]

1. e4 e5 2. Nf3 Nc6 3. Bb5 a6 4. Ba4 Nf6 5. O-O b5 6. Bb3 Be7 7. Re1 Bb7 8. c3
O-O 9. d4 d6 10. Nbd2 Re8 11. Nf1 Bf8 12. Bg5 Na5 13. Bc2 h6 14. Bxf6 Qxf6 15.
Ng3 c5 16. d5 Bc8 17. b4 Nc4 18. bxc5 dxc5 19. Nd2 Nd6 20. a4 Bd7 21. axb5 axb5
22. Nb3 Nc4 23. Bd3 Nb2 0-1

[Event "2MCR_3DE_2LB_2S"]
[Site "?"]
[Date "2007.??.??"]
[Round "?"]
[White "Cerveny, Libor"]
[Black "Vrkota, Milos"]
[Result "1/2-1/2"]
[WhiteElo "2005"]
[BlackElo "2000"]
[PlyCount "131"]
[EventDate "2007.??.??"]
[EventType "corr"]
[EventRounds "2"]
[SourceDate "2007.01.28"]

1. e4 c5 2. Nf3 d6 3. d4 cxd4 4. Nxd4 Nf6 5. Nc3 g6 6. Bc4 Bg7 7. Be3 O-O 8. f3
Nc6 9. Qd2 Bd7 10. Nxc6 Bxc6 11. O-O Qc7 12. Bb3 Rfd8 13. Rad1 b5 14. a3 a5 15.
Rfe1 e6 16. Bd4 Rab8 17. Qg5 e5 18. Be3 a4 19. Ba2 b4 20. axb4 Rxb4 21. Bc1
Rdb8 22. Qe3 Rxb2 23. Bxb2 Rxb2 24. Rd2 Bf8 25. Kh1 Bd7 26. Qd3 Qc5 27. Rb1
Rxb1+ 28. Nxb1 h5 29. Nc3 Qa5 30. Rd1 h4 31. Ra1 h3 32. gxh3 Qb6 33. Bc4 Qf2
34. Nxa4 Bxh3 35. Rg1 Nh5 36. Qe2 Qa7 37. Nc3 Nf4 38. Qd2 Qc5 39. Bb3 Bh6 40.
Nd5 Kf8 41. Nxf4 Bxf4 42. Qd5 Qc7 43. Ra1 Kg7 44. Qa5 Qc8 45. Qe1 Qc5 46. Ra5
Qb6 47. Ra8 Qd4 48. Ra4 Qc5 49. Ra6 Qd4 50. Qe2 Bd2 51. Ra4 Bb4 52. Bd5 Qc3 53.
Ra2 Bc5 54. Qd1 Bd4 55. Bb7 Be6 56. Bd5 Bh3 57. Qe2 Bc5 58. Bb3 Bd4 59. Qd1 Bc5
60. Ba4 Be6 61. Ra1 d5 62. Bc6 Bd4 63. exd5 Bxd5 64. Bxd5 Qxa1 65. Qxa1 Bxa1
66. c4 1/2-1/2

[Event "2MCR_3DE_2LB_1S"]
[Site "?"]
[Date "2007.??.??"]
[Round "?"]
[White "Kaas, Jaroslav"]
[Black "Struzka, Vlastimil"]
[Result "1-0"]
[WhiteElo "1800"]
[BlackElo "2080"]
[PlyCount "67"]
[EventDate "2007.??.??"]
[EventType "corr"]
[EventRounds "2"]
[SourceDate "2007.01.28"]

1. e4 e5 2. Nf3 Nc6 3. Bb5 a6 4. Ba4 Nf6 5. O-O Be7 6. Re1 b5 7. Bb3 d6 8. c3
O-O 9. d3 Na5 10. Bc2 c6 11. Nbd2 Qc7 12. Nf1 Be6 13. h3 Nb7 14. Ne3 d5 15. Nf5
Bxf5 16. exf5 Nd7 17. Bf4 Bd6 18. Bg3 Rfe8 19. Qd2 a5 20. Re2 f6 21. Rae1 Red8
22. h4 Nb6 23. h5 c5 24. h6 a4 25. Nxe5 fxe5 26. Bxe5 Rd7 27. d4 Bxe5 28. dxe5
d4 29. f6 g6 30. e6 Rd5 31. e7 Re8 32. Bxg6 hxg6 33. h7+ Kxh7 34. f7 1-0

[Event "2MCR_3DE_2LB_1S"]
[Site "?"]
[Date "2007.??.??"]
[Round "?"]
[White "Struzka, Vlastimil"]
[Black "Kaas, Jaroslav"]
[Result "0-1"]
[WhiteElo "2080"]
[BlackElo "1800"]
[PlyCount "114"]
[EventDate "2007.??.??"]
[EventType "corr"]
[EventRounds "2"]
[SourceDate "2007.01.28"]

1. d4 Nf6 2. c4 e6 3. Nc3 Bb4 4. Bg5 c5 5. Rc1 cxd4 6. Qxd4 Nc6 7. Bxf6 Qxf6 8.
Qxf6 gxf6 9. a3 Be7 10. e4 b6 11. Nb5 Kd8 12. f4 Bb7 13. Nf3 Rg8 14. Rd1 Rc8
15. Nc3 Na5 16. Nd2 f5 17. b4 Nc6 18. exf5 Nd4 19. f6 Nc2+ 20. Kf2 Bxf6 21. Nb5
Rg4 22. Nd6 Rxf4+ 23. Ke2 Rc7 24. Nxb7+ Rxb7 25. g3 Rf5 26. Bh3 Rh5 27. Bg2 Rc7
28. Rhf1 Ke7 29. Kd3 Nxa3 30. h3 Re5 31. Rxf6 Kxf6 32. Ra1 Re3+ 33. Kxe3 Nc2+
34. Kd3 Nxa1 35. Kc3 d5 36. Kb2 dxc4 37. Kxa1 c3 38. Nb3 Rd7 39. Kb1 Rd3 40. g4
Rg3 41. Bc6 Rxh3 42. Kc2 Rg3 43. b5 Rxg4 44. Kxc3 h5 45. Nd2 h4 46. Kd3 h3 47.
Ke2 Ke5 48. Kf2 Kf4 49. Nf1 Rg6 50. Ne3 Rg3 51. Nf1 Rc3 52. Bd7 e5 53. Be8 e4
54. Bxf7 h2 55. Nxh2 e3+ 56. Ke1 Rc1+ 57. Ke2 Rc2+ 0-1

[Event "2MCR_3DE_2LB_3S"]
[Site "?"]
[Date "2007.??.??"]
[Round "?"]
[White "Tucek, Richard"]
[Black "Hrdy, Tomas"]
[Result "0-1"]
[WhiteElo "1688"]
[BlackElo "1600"]
[PlyCount "64"]
[EventDate "2007.??.??"]
[EventType "corr"]
[EventRounds "2"]
[SourceDate "2007.01.28"]

1. d4 Nf6 2. c4 g6 3. Nf3 d6 4. d5 Bg7 5. Nc3 O-O 6. Bf4 e5 7. dxe6 Bxe6 8. e4
Nbd7 9. Be2 Qe7 10. O-O Nc5 11. e5 dxe5 12. Bxe5 Rad8 13. Qc1 Bg4 14. h3 Bxf3
15. Bxf6 Qxf6 16. Bxf3 Qh4 17. Nd5 c6 18. Ne3 Rfe8 19. Qc2 Ne6 20. Qe4 Qg5 21.
Rad1 f5 22. Rxd8 fxe4 23. Rxe8+ Kf7 24. Rxe6 Kxe6 25. Bxe4 Bxb2 26. Rb1 Bd4 27.
Rxb7 Bxe3 28. Bxc6 Bxf2+ 29. Kxf2 Qc5+ 30. Kg3 Qd6+ 31. Kf2 Qxc6 32. Rxh7 Qxc4
0-1

[Event "2MCR_3DE_2LB_1S"]
[Site "?"]
[Date "2007.??.??"]
[Round "?"]
[White "Struzka, Vlastimil"]
[Black "Mateka, Petr"]
[Result "1/2-1/2"]
[WhiteElo "2080"]
[BlackElo "2275"]
[PlyCount "70"]
[EventDate "2007.??.??"]
[EventType "corr"]
[EventRounds "2"]
[SourceDate "2007.01.28"]

1. d4 Nf6 2. Nf3 e6 3. Bg5 h6 4. Bh4 d6 5. e3 g5 6. Bg3 Nc6 7. c4 Ne4 8. Bd3
Nxg3 9. hxg3 Bd7 10. Qb3 g4 11. Nfd2 Na5 12. Qc3 Nc6 13. Na3 Bg7 14. O-O-O a5
15. Kb1 Nb4 16. Nb5 O-O 17. a3 Nxd3 18. Qxd3 d5 19. cxd5 exd5 20. Rh5 c6 21.
Nd6 Qf6 22. Nf5 Bxf5 23. Rxf5 Qg6 24. Nb3 Rfe8 25. Rh1 Re4 26. Rf4 Rxf4 27.
Qxg6 fxg6 28. gxf4 Bf8 29. Nc5 Bxc5 30. dxc5 Kg7 31. b3 Re8 32. g3 h5 33. Kc2
Kf6 34. Kd3 Kf5 35. Rd1 Re4 1/2-1/2

[Event "2MCR_3DE_2LB_2S"]
[Site "?"]
[Date "2007.??.??"]
[Round "?"]
[White "Vrkota, Milos"]
[Black "Pensimus, Petr"]
[Result "1-0"]
[WhiteElo "2000"]
[BlackElo "1848"]
[PlyCount "79"]
[EventDate "2007.??.??"]
[EventType "corr"]
[EventRounds "2"]
[SourceDate "2007.01.28"]

1. e4 e5 2. Nf3 Nc6 3. d4 exd4 4. Nxd4 Bc5 5. Be3 Qf6 6. c3 Nge7 7. Bc4 Ne5 8.
Be2 Qg6 9. O-O d6 10. f3 O-O 11. Nd2 Bb6 12. Kh1 d5 13. f4 Ng4 14. f5 Nxe3 15.
fxg6 Nxd1 16. gxf7+ Rxf7 17. Rxf7 Kxf7 18. Rxd1 Bd7 19. exd5 Bxd4 20. cxd4 Nxd5
21. Rf1+ Kg6 22. Nf3 Kh6 23. Ne5 Be6 24. Kg1 Re8 25. a3 Kg5 26. Bd3 Nf6 27. Re1
Rd8 28. Nf3+ Kh6 29. Rxe6 Rd6 30. Rxd6 cxd6 31. h3 b6 32. Kf2 g6 33. g4 Kg7 34.
Ng5 Kf8 35. Ne4 Nxe4+ 36. Bxe4 Ke7 37. Ke3 Ke6 38. h4 Kf6 39. Kf4 Kg7 40. Bd3
1-0

[Event "2MCR_3DE_2LB_3S"]
[Site "?"]
[Date "2007.??.??"]
[Round "?"]
[White "Vokolek, Jaroslav"]
[Black "Tucek, Richard"]
[Result "1-0"]
[WhiteElo "2000"]
[BlackElo "1688"]
[PlyCount "63"]
[EventDate "2007.??.??"]
[EventType "corr"]
[EventRounds "2"]
[SourceDate "2007.01.28"]

1. d4 Nf6 2. c4 e6 3. Nf3 d5 4. Nc3 c5 5. cxd5 Nxd5 6. e4 Nxc3 7. bxc3 cxd4 8.
cxd4 Bb4+ 9. Bd2 Bxd2+ 10. Qxd2 O-O 11. Be2 Nd7 12. a4 Nf6 13. Bd3 Bd7 14. O-O
Bc6 15. Rfe1 h6 16. a5 Qd7 17. Qb4 Rfd8 18. d5 exd5 19. e5 Ne4 20. Nd4 Rac8 21.
h4 Qg4 22. f3 Qxh4 23. fxe4 dxe4 24. Nxc6 bxc6 25. Bxe4 Qg5 26. Qb7 c5 27. Bd5
Qf4 28. Re4 Qf5 29. Rf1 Qd7 30. Bxf7+ Kh8 31. Qxd7 Rxd7 32. Be6 1-0

[Event "2MCR_3DE_2LB_1S"]
[Site "?"]
[Date "2007.??.??"]
[Round "?"]
[White "Mateka, Petr"]
[Black "Vinklarek, Ondrej"]
[Result "1-0"]
[WhiteElo "2275"]
[BlackElo "2000"]
[PlyCount "53"]
[EventDate "2007.??.??"]
[EventType "corr"]
[EventRounds "2"]
[SourceDate "2007.01.28"]

1. e4 c5 2. Nf3 d6 3. d4 cxd4 4. Nxd4 Nf6 5. Nc3 g6 6. Be3 Bg7 7. f3 O-O 8. Qd2
Nc6 9. O-O-O Bd7 10. g4 Ne5 11. h4 Rc8 12. h5 Qa5 13. Be2 b5 14. Kb1 b4 15. Nd5
Nxd5 16. exd5 Rfe8 17. hxg6 hxg6 18. Qe1 f6 19. Bh6 Red8 20. Qh4 g5 21. Bxg5
fxg5 22. Qh7+ Kf7 23. Ne6 Rg8 24. Qh5+ Ng6 25. Bd3 Bh6 26. Qxh6 Nf8 27. Qh5+
1-0

[Event "2MCR_3DE_2LB_1S"]
[Site "?"]
[Date "2007.??.??"]
[Round "?"]
[White "Pirhala, Ladislav"]
[Black "Struzka, Vlastimil"]
[Result "1-0"]
[WhiteElo "2120"]
[BlackElo "2080"]
[PlyCount "99"]
[EventDate "2007.??.??"]
[EventType "corr"]
[EventRounds "2"]
[SourceDate "2007.01.28"]

1. e4 c5 2. Nf3 Nc6 3. d4 cxd4 4. Nxd4 Qb6 5. Nb3 Nf6 6. Nc3 e6 7. Be3 Qd8 8.
a3 d5 9. Qd3 Be7 10. O-O-O dxe4 11. Qxd8+ Bxd8 12. Be2 Be7 13. g4 O-O 14. g5
Nd5 15. Nxd5 exd5 16. Rxd5 Be6 17. Rb5 Rab8 18. Nc5 Bxc5 19. Rxc5 Rfd8 20. Re1
Rbc8 21. f3 b6 22. Rc3 Ne5 23. Rxc8 Bxc8 24. fxe4 Bb7 25. Bf4 Ng6 26. Bc7 Rc8
27. Bg3 h6 28. Bg4 Rc4 29. gxh6 Rxe4 30. Rxe4 Bxe4 31. Bb8 gxh6 32. Bxa7 Ne5
33. Be2 Nd7 34. Bb5 Bf5 35. b4 Kf8 36. c4 Ke7 37. Kb2 Bg4 38. Bxd7 Bxd7 39.
Bxb6 Ba4 40. b5 Bd1 41. Kc3 h5 42. Bf2 f5 43. Kb4 f4 44. Ka5 Bf3 45. c5 Be4 46.
Kb6 Kd7 47. a4 Bf3 48. a5 Kc8 49. Ka7 Kd7 50. b6 1-0

[Event "2MCR_3DE_2LB_1S"]
[Site "?"]
[Date "2007.??.??"]
[Round "?"]
[White "Mateka, Petr"]
[Black "Pirhala, Ladislav"]
[Result "1-0"]
[WhiteElo "2275"]
[BlackElo "2120"]
[PlyCount "105"]
[EventDate "2007.??.??"]
[EventType "corr"]
[EventRounds "2"]
[SourceDate "2007.01.28"]

1. e4 c5 2. Nf3 d6 3. d4 cxd4 4. Nxd4 Nf6 5. Nc3 a6 6. Be3 e6 7. Be2 Be7 8. O-O
O-O 9. a4 Nc6 10. f4 Qc7 11. Kh1 Re8 12. Bf3 Rb8 13. Qe1 Nxd4 14. Bxd4 e5 15.
Ba7 Ra8 16. Be3 Be6 17. f5 Bc4 18. Rg1 d5 19. Qg3 dxe4 20. Nxe4 Rad8 21. Bh6 g6
22. Rgd1 Nxe4 23. Bxe4 Rxd1+ 24. Rxd1 Rd8 25. Re1 Bf6 26. Qc3 Rd7 27. b3 gxf5
28. Bxf5 Be6 29. Qg3+ Kh8 30. Bxe6 fxe6 31. Qf3 Qd8 32. h3 Qe7 33. Rf1 Bg7 34.
Qh5 Bxh6 35. Qxh6 Rd8 36. Qh5 Qd6 37. Qg5 e4 38. Qf6+ Kg8 39. Qf7+ Kh8 40. Qxb7
e3 41. Qf3 Qe5 42. Re1 e2 43. Qxe2 Qxe2 44. Rxe2 Rd6 45. Kh2 Kg7 46. Re5 Kf6
47. Rc5 e5 48. Kg3 Ke6 49. Kf3 h5 50. g4 hxg4+ 51. hxg4 Rd2 52. b4 Rd4 53. c4
1-0

[Event "2MCR_3DE_2LB_1S"]
[Site "?"]
[Date "2007.??.??"]
[Round "?"]
[White "Jezek, Otakar"]
[Black "Struzka, Vlastimil"]
[Result "0-1"]
[WhiteElo "1867"]
[BlackElo "2080"]
[PlyCount "71"]
[EventDate "2007.??.??"]
[EventType "corr"]
[EventRounds "2"]
[SourceDate "2007.01.28"]

1. g3 e5 2. Bg2 Nc6 3. d3 Nf6 4. Nf3 d5 5. O-O Be7 6. c4 O-O 7. cxd5 Nxd5 8.
Nc3 Be6 9. Re1 f6 10. Qa4 Qd7 11. Bd2 a6 12. Rec1 Nb6 13. Qh4 Rad8 14. a4 Qe8
15. Rcb1 h6 16. Be3 f5 17. Bg5 hxg5 18. Nxg5 Qg6 19. f4 Nd5 20. Nxd5 Bxd5 21.
Bxd5+ Rxd5 22. Rf1 Nd4 23. Rae1 Bb4 24. e4 Rc5 25. Rb1 exf4 26. gxf4 fxe4 27.
Qh3 Bd2 28. b4 Rc2 29. Kh1 exd3 30. Qh4 Re8 31. b5 Re2 32. Qg3 Qf5 33. bxa6
Qd5+ 34. Nf3 Nxf3 35. Rxf3 Be3 36. Qxg7+ 0-1